000 00709nam a2200217Ia 4500
008 160105s9999 xx 000 0 und d
041 _afre
100 _aBENALLOU, A.
245 _aEtude de quelques modèles de culture du champignon de couche Agaricus bisporus
260 _c1990
300 _btabl., 34 réf.
502 _aMém.- Ing. : Agron.
502 _bIngénieur
502 _cINA : Département de botanique
502 _d1990
653 _aAGARICUS BISPORUS
654 _xCHAMPIGNON COMESTIBLE/AGARICUS/CONDITIONNEMENT/RENDEMENT/BIOLOGIE/VARIETE/COMPOSTAGE/SUBSTRAT DE CULTURE/CULTURE DE RAPPORT/CONTROLE DU MILIEU/ALGERIE
942 _c12
994 _a100448
999 _c447
_d28445